| 000 | | | 04652nmc2a22002653x 450 |
| 001 | | | c479032f-84fe-441c-b30e-5dea3b3ed839 |
| 005 | | | 20241210080711.0 |
| 100 | ## | $a | 20240926l17901790k l0rusy0189 ca |
| 101 | 0# | $a | rus |
| 102 | ## | $a | RU |
| 105 | ## | $a | y### |
| 122 | 2# | $a | d |
| 200 | 1# | $a | Ведомости о денежной казне по Черниговскому приказу за 1789 год |
| | $j | 21 января - 8 февраля 1790 г. |
| 215 | ## | $a | 11 л. |
| | $d | 31,5х20 см |
| 251 | ## | $c | Дело |
| 300 | ## | $a | Андрей Милорадович |
| 300 | ## | $a | Ориг. заголовок дела: Дело в Комиссию об учреждении народных училищ Черниговского наместничества из приказа общественного призрения. Сочиненный за 1789 год о приходе, расходе и остатке суммы в том году в пользу народных этого наместничества училищ вступившей счет на основании устава главных народных училищ, §106 при этом в Комиссию об учреждении народных училищ приказ общественного призрения препровождает 21 января 1790 года. 21 января 1790 г. - 8 февраля 1790 г |
| 371 | ## | $a | Документ не является опубликованным и широко распространяемым |
| 461 | #0 | $1 | 00174716ac7-ef0a-4ce9-889f-df06b5c6e13c |
| | $1 | 2001 |
| | $a | Комиссия об учреждении народных училищ |
| | $1 | 251 |
| | $c | Фонд |
| | $1 | 852 |
| | $j | 730 |
| 462 | #0 | $1 | 001e6616291-8022-4671-9001-59f853d67170 |
| | $1 | 2001 |
| | $a | Журналы заседаний и определения Комиссии; ведомости приказов общественного призрения о состоянии и бюджете училищ, учителях, успехах учеников |
| | $1 | 251 |
| | $c | Опись |
| | $1 | 852 |
| | $j | 2 |
| 517 | 1# | $a | Дело в Комиссию об учреждении народных училищ Черниговского наместничества из приказа общественного призрения. Сочиненный за 1789 год о приходе, расходе и остатке суммы в том году в пользу народных этого наместничества училищ вступившей счет на основании устава главных народных училищ, §106 при этом в Комиссию об учреждении народных училищ приказ общественного призрения препровождает 21 января 1790 года. 21 января 1790 г. - 8 февраля 1790 г |
| 801 | #0 | $a | RU |
| | $b | РГИА |
| | $c | 20240926 |
| | $g | RCR |
| 801 | #1 | $a | RU |
| | $b | ГлавНИВЦ |
| | $c | 20240926 |
| | $2 | rusmarc |
| 801 | #2 | $a | RU |
| | $b | ПБ им. Б.Н. Ельцина |
| | $c | 20241210 |
| | $g | RCR |
| | $2 | rusmarc |
| 850 | ## | $a | РГИА |
| 852 | ## | $a | РГИА |
| | $e | Федеральное казенное учреждение "Российский государственный исторический архив" (РГИА) |
| | $j | 1716 |
| 937 | ## | $h | РГИА |
| | $d | 12413180 |
| | $a | ASBIBLIO_SCAN |
| 035 | ## | $a | RusGRCC00080352 |
| 856 | ## | $u | http://readingroom.main.prlib.ru/item.aspx?id_node=n195227184&mode=full |